| 000 | 00324nam a22001217a 4500 | ||
|---|---|---|---|
| 008 | 160507b xxu||||| |||| 00| 0 eng d | ||
| 020 | _a9780716798569 | ||
| 020 | _a0716798565 | ||
| 041 | _aeng | ||
| 080 | _a573 | ||
| 245 |
_aLife The science of biology: _cWilliam K. Purves; David Sadava; Gordon H. Orians; |
||
| 942 |
_2udc _cBK |
||
| 999 |
_c1912 _d1912 |
||